000
00299nam a22001337a 4500
008
170327b xxu||||| |||| 00| 0 eng d
020
_a
9780323044837
041
_a
eng
080
_2
11 ED
_a
615.83
100
_a
8
101
_a
SHM
245
_a
OPERATING ROOM TECHNIQUE
_c
BERRY.K
942
_2
udc
_c
BK
999
_c
8760
_d
8760